header

Small economies and global economics (Record no. 58439)

MARC details
000 -LEADER
fixed length control field 01430nam a2200337 a 4500
082 04 - DEWEY DECIMAL CLASSIFICATION NUMBER
Classification number 330.9
245 00 - TITLE STATEMENT
Title Small economies and global economics
260 ## - PUBLICATION, DISTRIBUTION, ETC. (IMPRINT)
Place of publication New York :
Name of publisher Nova Science Publishers,
Year of publication c2008.
300 ## - PHYSICAL DESCRIPTION
Number of Pages xvii, 521 p. :
Other physical details ill. (some col.), maps.
500 ## - GENERAL NOTE
General note Includes errata for "Small economies and global economies : the case of Gabon / Marcellin Ndong Ntah" on computer disk (3 1/2 in.).
650 #0 - SUBJECT ADDED ENTRY--TOPICAL TERM
Topical Term States, Small
Topical Term Globalization.
700 1# - ADDED ENTRY--PERSONAL NAME
Personal name Pillarisetti, J. Ram.
856 40 - ELECTRONIC LOCATION AND ACCESS
Uniform Resource Identifier http://site.ebrary.com/lib/rucke/Doc?id=10676672

No items available.

© 2026 Rongo University
Contact us: librarian | system librarian | Rongo university